000 00549nam a2200169Ia 4500
003 GCL
008 140319s9999 xx 000 0 ara d
040 _aGCL /
_cGCL
082 0 4 _a001.43
_bا م
100 1 _aاكاديمية البحث العلمى
245 1 0 _aمشروع التعاون العلمى والتكنولوجى /
_cاكاديمية البحث العلمى
300 _a95 ص
490 _aالهيئة العامة للاستعلامات
_v0
650 0 4 _aالبحوث
650 0 4 _aالبحوث العلمية
942 _2ddc
_cBK
999 _c51562
_d51562